000 00427nam a2200145Ia 4500
008 210210b1989 xxu||||| |||| 00| 0 eng d
082 _a338.9 KANE
100 _aKANWAR (M R) and Others.
245 _aEconomics of development and planning.
260 _aJalandhar
_bNew Academic Publishing Company.
_c1989
300 _aviii,724
650 _aEconomic development planning
690 _aEconomic Development
906 _a043309
999 _c92759
_d92759